Autobiographical international relations : (Record no. 14627)

000 -LEADER
fixed length control field 01296cam a2200361 a 4500
001 - CONTROL NUMBER
control field 16249890
003 - CONTROL NUMBER IDENTIFIER
control field OSt
005 - DATE AND TIME OF LATEST TRANSACTION
control field 20170105102900.0
008 - FIXED-LENGTH DATA ELEMENTS--GENERAL INFORMATION
fixed length control field 100524s2011 enk b 001 0deng
010 ## - LIBRARY OF CONGRESS CONTROL NUMBER
LC control number 2010021854
020 ## - INTERNATIONAL STANDARD BOOK NUMBER
International Standard Book Number 9780415781428 (hardback)
020 ## - INTERNATIONAL STANDARD BOOK NUMBER
International Standard Book Number 0415781426 (hardback)
020 ## - INTERNATIONAL STANDARD BOOK NUMBER
International Standard Book Number 9780415781435 (pbk.)
020 ## - INTERNATIONAL STANDARD BOOK NUMBER
International Standard Book Number 0415781434 (pbk.)
020 ## - INTERNATIONAL STANDARD BOOK NUMBER
International Standard Book Number 9780203837221 (ebook)
020 ## - INTERNATIONAL STANDARD BOOK NUMBER
International Standard Book Number 0203837223 (ebook)
035 ## - SYSTEM CONTROL NUMBER
System control number (OCoLC)ocn607983037
040 ## - CATALOGING SOURCE
Original cataloging agency DLC
Transcribing agency DLC
Modifying agency YDX
-- BTCTA
-- YDXCP
-- CDX
-- BWX
-- DLC
050 00 - LIBRARY OF CONGRESS CALL NUMBER
Classification number JZ1305
Item number .A82 2011
082 00 - DEWEY DECIMAL CLASSIFICATION NUMBER
Classification number 327.092/2
Edition number 22
Author Mark AUT 2011
245 00 - TITLE STATEMENT
Title Autobiographical international relations :
Remainder of title I, IR /
Statement of responsibility, etc. edited by Naeem Inayatullah.
260 ## - PUBLICATION, DISTRIBUTION, ETC.
Place of publication, distribution, etc. Milton Park, Abingdon, Oxon [England] ;
-- New York :
Name of publisher, distributor, etc. Routledge,
Date of publication, distribution, etc. c2011.
300 ## - PHYSICAL DESCRIPTION
Extent xiii, 212 p. ;
Dimensions 24 cm.
490 1# - SERIES STATEMENT
Series statement Interventions
504 ## - BIBLIOGRAPHY, ETC. NOTE
Bibliography, etc. note Includes bibliographical references and index.
650 #0 - SUBJECT ADDED ENTRY--TOPICAL TERM
Topical term or geographic name entry element International relations.
650 #0 - SUBJECT ADDED ENTRY--TOPICAL TERM
Topical term or geographic name entry element International relations specialists.
700 1# - ADDED ENTRY--PERSONAL NAME
Personal name Inayatullah, Naeem.
830 #0 - SERIES ADDED ENTRY--UNIFORM TITLE
Uniform title Interventions (Routledge (Firm))
906 ## - LOCAL DATA ELEMENT F, LDF (RLIN)
a 7
b cbc
c orignew
d 1
e ecip
f 20
g y-gencatlg
942 ## - ADDED ENTRY ELEMENTS (KOHA)
Source of classification or shelving scheme
Koha item type Book
Holdings
Withdrawn status Lost status Damaged status Not for loan Collection code Permanent Location Current Location Shelving location Date acquired Total Checkouts Full call number Barcode Date last seen Price effective from Koha item type
          Centre for International Peace & Stability (CIPS) Centre for International Peace & Stability (CIPS) General Stacks 09/16/2013   327.0922 AUT 2011 CIPS0001025 10/10/2013 10/10/2013 Book
© 2023 Central Library, National University of Sciences and Technology. All Rights Reserved.